[Event "Pardubice Czech op-C 32nd"]
[Site "Pardubice"]
[Date "2021.07.26"]
[Round "4"]
[White "Beyer, Lorenz"]
[Black "Petirova, Iva"]
[Result "1-0"]
[WhiteElo "1362"]
[BlackElo "1488"]
[PlyCount "75"]
[EventDate "2021.07.24"]
[EventType "swiss"]
[EventRounds "9"]
[EventCountry "CZE"]
[SourceTitle "EXT 2022"]
[Source "ChessBase"]
[SourceDate "2021.10.06"]
[SourceVersion "1"]
[SourceVersionDate "2021.10.06"]
[SourceQuality "1"]

1. d4 Nf6 2. Nf3 e6 3. g3 c5 4. e3 Nc6 5. Bg2 Be7 6. 0-0 0-0 7. c3 d5 8. Nbd2 b6 9. Qc2 Qc7 10. dxc5 Bxc5 11. e4 Bb7 12. exd5 exd5 13. Nb3 Bd6 14. Nbd4 Nxd4 15. Nxd4 Ba6 16. Re1 Bc5 17. Bf4 Qd7 18. Nf5 Rac8 19. Bh3 Qb7 20. Nd6 Bxd6 21. Bxd6 Rfe8 22. Bxc8 Rxe1+ 23. Rxe1 Qxc8 24. Qa4 h6 25. Be5 Nd7 26. Bd4 Kh7 27. Re7 Nc5 28. Qc2+ Kg8 29. Bxc5 bxc5 30. Qd1 Qf5 31. Rxa7 Bd3 32. Ra5 c4 33. b3 cxb3 34. axb3 Be4 35. b4 Kf8 36. f4 Ke7 37. Qd4 f6 38. Ra7+ 1-0